| 000 | 00681nam a2200241Ia 4500 | ||
|---|---|---|---|
| 003 | OSt | ||
| 005 | 20220918202027.0 | ||
| 006 | a|||||r|||| 00| 0 | ||
| 007 | ta | ||
| 008 | 220917b |||||||| |||| 00| 0 eng d | ||
| 024 | _a98,233 | ||
| 037 | _cTextual | ||
| 040 |
_aARTS _cARTS _beng |
||
| 041 |
_2eng _aeng |
||
| 082 | _aV2:28.N9, M8 | ||
| 100 |
_aSadasivan S N ed _9101866 |
||
| 245 | 0 |
_aDistrict administation _b a national perspective |
|
| 260 |
_aNew Delhi _bIndian Institute of Public Administration India _c1988 |
||
| 300 |
_axxiii,150p. _ccm. |
||
| 650 | _aHISTORY | ||
| 942 |
_hV2:28.N9, M8 _cTEXL _2CC |
||
| 999 |
_c221825 _d221825 |
||